Capitales de los Departamentos de Bolivia - Estadísticas

Estadísticas generales
  • Esta prueba ha sido intentada 36 veces
  • La puntuación promedio es 8 de 9
Estadísticas de respuestas
Departamento Capital % Correcto
Cochabamba Cochabamba
100%
La Paz La Paz
100%
Oruro Oruro
100%
Potosí Potosí
100%
Santa Cruz Santa Cruz de la Sierra
100%
Tarija Tarija
100%
Chuquisaca Sucre
93%
Beni Trinidad
79%
Pando Cobija
72%
No se encontraron pruebas coincidentes
Distribución de puntuación
Porcentaje de gente con cada puntuación
Porcentaje por número respondido
Historial de tus puntuaciones
No has intentado esta prueba.